Регионална библиотека "Любен Каравелов" - Русе

Избрани речи (Запис номер 183649)

MARC детайли
000 -Лидер
Контролно поле с фиксирана дължина 01611nam a2200337 c 4500
003 - Код на организацията, давaща контролен номер
Контролно поле BLK
005 - Дата и час на последна редакция
Контролно поле 20180804103022.0
008 - Елементи от данни с фиксирана дължина
fixed length control field 180411b bul|||||r ||||||| ||bul||
010 ## - Наследен системен номер
LC control number KNG00192583000
040 ## - Източник на каталожния запис
Идентификатор на билиотеката - собственик на записа BLK
041 ## - Код за език
Код за езика на текст/звукозапис или на отделно заглавие Български
Код за езика КДБФ Български
080 ## - УДК
Текстов определител УДК Класическа гръцка литература. Старогръцка литература
УДК код - определител по УДК 821.142
УДК определител -5
УДК - код + определител 821.142-5
100 1# - Редна дума - Автор
Автор Демостен
Авторска отговорност първи автор
R(LIN) 59823
139 ## - Редно поле
Редна дума Демостен
Авторски знак Дем - Д 40
245 10 - Сведения за заглавието
Заглавие Избрани речи
Редно поле (дума) Демостен; състав. и прев. от старогр. Цветан Грозев; предг. от Богдан Богданов.
257 ## - Страна на издаване
Страна на създаване/издаване Древна Гърция
260 ## - Област на издателските данни
-- София
Име на издателя, разпространителя и проч. Наука и изкуство
Година на издаване 1982
300 ## - Физическа характеристика
Страници 126 с.
Размери/Мащаб 21 см
380 ## - Жанр
Жанр Худож. лит.
490 1# - СЕРИИ (Колекции)
Име на серия Поредица Велики оратори
500 ## - Общи забележки
Забележка Прев. е направен по изд. M. Croiset. Demosthene. Harangues. Paris, 1939 - 1941 ; A Westermann. Ausgewahite. Roden des Demosthenes. Berlin, 1902 ; H, Weil, Demosthenes. Discours de la Couronne. Paris \ s.a.\ ; Theodorus. Voemellus. Demosthenes. Opera. Paris, 1878. - Азб. показалец. - 7 912 тир.
653 ## - Ключова дума – ненормативна
Ключова дума речи
653 ## - Ключова дума – ненормативна
Ключова дума Демостен
700 1# - Други автори (авторска отговорност)
Лично име Грозев, Цветан
Автороска отговорност (Описва отношението между автора и произведението) състав. и прев. от старогр.
9 (RLIN) 382136
700 1# - Други автори (авторска отговорност)
Лично име Богданов, Богдан
Автороска отговорност (Описва отношението между автора и произведението) предг. от
9 (RLIN) 365783
852 ## - Местоположение
Форматна сигнатура Цб 117274
856 4# - Електронен адрес и достъп
Електронен формат pdf - файл
Път до файла /url/
856 4# - Електронен адрес и достъп
Електронен формат pdf - файл
Път до файла /url/
942 ## - АРТИКУЛИ
Вид на библиотечния материал Книги
Скрит в OPAC Не
Koha issues (borrowed), all copies 1
944 ## - СЪЗДАВАНЕ И РЕДАКЦИЯ на ЗАПИСА
Създаване/Редакция Създаване
Дата на регистрацията/редакция 12.10.2016
Статус, дата на статуса ф /
Служител, извършил регистрацията/редакцията Елица_Владова
944 ## - СЪЗДАВАНЕ И РЕДАКЦИЯ на ЗАПИСА
Създаване/Редакция Редакция
Дата на регистрацията/редакция 10.01.2018
Статус, дата на статуса ф /
Служител, извършил регистрацията/редакцията Людмила_Стоянова
999 ## - СИСТЕМНИ КОНТРОЛНИ НОМЕРА
Koha biblionumber 183649
Koha biblioitemnumber 183649
Наличности
Код за отписване Код за изгубен артикул Източник на класификационната схема Код за повреда Коз за рестрикции Код за отдаване Артикулен № Име на библиотеката - собственик Име на библиотеката, в която се намира в момента Статус (Текущо местоположение) Дата на вписване в системата Местоположение - отдел Цена в лева Инвентарен номер Систематично азбучна сигнатура Баркод Номер на екземпляра Цена в евро Служебна бележка Служебен тип на артикула
  Не е изгубен Universal Decimal Classification Не е повреден без рестрикции ползва се в читалня 316822 Регионална библиотека "Любен Каравелов" Русе Регионална библиотека "Любен Каравелов" Русе Хранилище 1982-01-01 Хранилище 1.60 362456 Цб 117274 120000362456 1 0.82 Дост: Dp Вид: Д N: стар фонд Дата: 01.01.1982 Книги
Изтеглен Не е изгубен Universal Decimal Classification Не е повреден без рестрикции заемане за дома 316823 Регионална библиотека "Любен Каравелов" Русе Регионална библиотека "Любен Каравелов" Русе Заемна - подръчен фонд 1982-01-01 Заемна - подръчен фонд 1.60 362792 П 875-5/Д 40 120000362792 2 0.82 Дост: Pk Вид: Ф N: стар фонд Дата: 01.01.1982 Дата инв: 08.03.2018 Бележки инв: П2018 Книги
Изтеглен Не е изгубен Universal Decimal Classification Не е повреден без рестрикции заемане за дома 316824 Регионална библиотека "Любен Каравелов" Русе Регионална библиотека "Любен Каравелов" Русе Заемна - подръчен фонд 1982-01-01 Заемна - подръчен фонд 1.60 362795 П 875-5/Д 40 362795 3 0.82 Дост: Pk Вид: Ф N: стар фонд Дата: 01.01.1982 Книги
Изтеглен Не е изгубен Universal Decimal Classification Не е повреден без рестрикции заемане за дома 316825 Регионална библиотека "Любен Каравелов" Русе Регионална библиотека "Любен Каравелов" Русе Заемна - подръчен фонд 1982-01-01 Заемна - подръчен фонд 1.60 362796 П 875-5/Д 40 120000362796 4 0.82 Дост: Pk Вид: Ф N: стар фонд Дата: 01.01.1982 Дата инв: 09.02.2018 Бележки инв: П2018 Книги
  Не е изгубен   Не е повреден без рестрикции заемане за дома 316826 Регионална библиотека "Любен Каравелов" Русе Регионална библиотека "Любен Каравелов" Русе Заемна - подръчен фонд 2017-12-14 Заемна - подръчен фонд 8.00 120000818009 П 875-5/Д 40 120000818009 5 4.09 Дост: DA Вид: А N: 44 Дата: 14.12.2017 Дата инв: 09.02.2018 Бележки инв: П2018 Книги
Vip Innovations Ltd, Rousse, Bulgaria 2025